000 00621nam a2200217Ia 4500
008 160418s9999 xx 000 0 und d
020 _a978-971-27-2231-8
050 _aFIL PE 1404
050 _b.B73 2009
100 _aBrainard, Cecilia Manguerra.
245 _aFundamentals of creative writing /
245 _cCecilia Manguerra Brainard.
260 _aManila :
260 _bAnvil Pub. Inc.,
260 _c2009
300 _a97 pages :
300 _billustrations ;
300 _c22 cm.
650 _aCreative writing (Higher education).
650 _xEnglish language -- Rhetoric -- Study and teaching.
999 _c293388
_d293388